000 00587nam a2200181Ia 4500
008 140321s9999 xx 000 0 und d
020 _a9780415807524
050 _aP 94.7
_b.So47 2013
100 _aSolomon, Denise
245 _aInterpersonal communication :
_bputting theory into practice /
_cDenise Solomon and Jennifer Theiss.
260 _aNew York :
_bRoutledge,
_cc2013.
300 _a444 p. :
_bcol. ill. ;
_c26 cm.
500 _aIncludes bibliographical references and index.
521 _aMC
650 _aInterpersonal communication.
942 _kFOR
_cBK
999 _c48531
_d48531